Minimálna mzda na Slovensku v porovnaní s vybranými krajinami EÚ

Minimálna mzda na Slovensku v porovnaní s vybranými krajinami Európskej únie. Porovnanie vybraných krajín EÚ z hľadiska výšky pomeru minimálnej mzdy na priemernej mzde v roku 2010. Vývoj minimálnej mzdy a priemernej mzdy od vzniku SR. Miera zamestnanosti a nezamestnanosti v EÚ27, EÚ15 a v SR (2001-2...

Descrizione completa

Salvato in:
Dettagli Bibliografici
Autore principale: Palaščáková, Daniela
Altri autori: Vlčková, Viera
Natura: Capitolo di libro
Lingua:slovacco
Soggetti:
Tags: Aggiungi Tag
Nessun Tag, puoi essere il primo ad aggiungerne!!

MARC

LEADER 00000nla a2200000 4500
001 0186711
005 20240502073205.3
041 0 |a slo 
044 |a SK 
245 1 0 |a Minimálna mzda na Slovensku v porovnaní s vybranými krajinami EÚ  |c Daniela Palaščáková, Viera Vlčková 
520 |a Minimálna mzda na Slovensku v porovnaní s vybranými krajinami Európskej únie. Porovnanie vybraných krajín EÚ z hľadiska výšky pomeru minimálnej mzdy na priemernej mzde v roku 2010. Vývoj minimálnej mzdy a priemernej mzdy od vzniku SR. Miera zamestnanosti a nezamestnanosti v EÚ27, EÚ15 a v SR (2001-2011). Priemerná mzda a jej vzťah k minimálnej mzde v jednotlivých krajoch SR. 
610 2 0 |a mzdy minimálne 
610 2 0 |a mzdy priemerné 
610 2 0 |a zamestnanosť 
610 2 0 |a nezamestnanosť 
610 2 0 |a porovnanie medzinárodné 
610 2 0 |a regióny 
610 2 0 |a Európska únia 
610 2 0 |a Slovensko 
100 1 |a Palaščáková, Daniela 
700 1 |a Vlčková, Viera